000
00298nam a22001217a 4500
008
230621b xxu||||| |||| 00| 0 eng d
082
_a
327.54
_b
SHA 1967
100
_c
B. L. Sharma
245
_a
The Kashmer Story
260
_a
India
_b
Asia Publishing House
_c
1967
300
_a
271p
942
_2
ddc
_c
BK
999
_c
1969
_d
1969